000 00562nam a22001937a 4500
003 BD-DhJNU
005 20250209065231.0
008 250209b |||||||| |||| 00| 0 eng d
020 _a9780192802811
040 _aBD-DhJNU
_bENG
_cBD-DhJNU
_dBD-DhJNU
082 _223
_a320.5
100 _aFreeden, Michael
245 _aIdeology :
_ba very short introduction /
_cMichael Freeden
260 _aNew York :
_bOxford University Press,
_c2003.
300 _a142 p. :
_bill. ;
_c18 cm.
504 _aincludes index
650 _aPolitical science
942 _2ddc
_cBK
_n0
999 _c1275
_d1275